Dylematy prywatyzacji w Polsce.
Ide o privatizáciu ekonomiky alebo iba podnikov? Je potrebný konsenzus o cieľoch privatizácie. Má byť proces privatizácie riadený, alebo spontánny? Dilemy privatizácie. Vývoj poľskej koncepcie privatizácie a jej štádiá.
Guardado en:
| Autor principal: | |
|---|---|
| Formato: | Capítulo de libro |
| Lenguaje: | polaco |
| Materias: | |
| Etiquetas: |
Sin Etiquetas, Sea el primero en etiquetar este registro!
|
MARC
| LEADER | 00000naa a2200000 4500 | ||
|---|---|---|---|
| 001 | r006006 | ||
| 005 | 20221125122821.4 | ||
| 041 | 0 | |a pol | |
| 044 | |a PL | ||
| 245 | 1 | 0 | |a Dylematy prywatyzacji w Polsce. |c B. Blaszczyk |
| 520 | |a Ide o privatizáciu ekonomiky alebo iba podnikov? Je potrebný konsenzus o cieľoch privatizácie. Má byť proces privatizácie riadený, alebo spontánny? Dilemy privatizácie. Vývoj poľskej koncepcie privatizácie a jej štádiá. | ||
| 610 | 2 | 0 | |a privatizácia |
| 610 | 2 | 0 | |a podnik štátny |
| 610 | 2 | 0 | |a podnik súkromný |
| 610 | 2 | 0 | |a PR |
| 610 | 2 | 0 | |a politika hospodárska |
| 100 | 1 | |a Blaszczyk, Pawel | |